000 00427nam a2200169Ia 4500
008 090201s9999 xx 000 0 und d
010 _aKPL-13729
040 _bइंग्रजी
041 _aइंग्रजी
082 _a18641
_b13729
100 _ah t hlmo
245 _ahollywood humor
_ch t hlmo
260 _c2004
_bace books
300 _a126
_bमोठा
600 _ahollywood humor
942 _cBOOK
999 _c218501
_d218501